| 000 | 00594nam a2200181Ia 4500 | ||
|---|---|---|---|
| 003 | GCL | ||
| 008 | 140319s9999 xx 000 0 ara d | ||
| 040 |
_aGCL / _cGCL |
||
| 082 | 0 | 4 |
_aم _b260.3 _bا م |
| 100 | 1 | _aجورج مترى عبدالمسيح | |
| 245 | 1 | 0 |
_aمعجم المصطلحات الصوفية / _cجورج مترى عبدالمسيح |
| 700 | 1 | _aانور فؤاد ابى خزام | |
| 300 | _a190 ص | ||
| 650 | 0 | 4 | _aالتصوف الاسلامى - مصادر |
| 650 | 0 | 4 | _aالتصوف - معاجم |
| 650 | 0 | 4 | _aالدين الاسلامى - معاجم |
| 942 |
_2ddc _cREF |
||
| 999 |
_c59667 _d59667 |
||